[Event "SF Deizisau 2 - TG Biberach"]
[Site "?"]
[Date "2024.02.18"]
[Round "6.1"]
[White "Sinz, Bernhard"]
[Black "Koellner, Ruben Gideon"]
[Result "1/2-1/2"]
[WhiteElo "2328"]
[BlackElo "2465"]
[PlyCount "102"]
[EventDate "2024.??.??"]

1. e4 e5 2. Nf3 Nc6 3. Bc4 Bc5 4. c3 Nf6 5. d4 exd4 6. e5 d5 7. Bb5 Ne4 8. cxd4 Bb6 9. Nc3 O-O 10. Be3 Bg4 11. h3 Bh5 12. Qc2 Bg6 13. Qb3 Nxc3 14. bxc3 Na5 15. Qd1 Nc4 16. O-O c6 17. Ba4 Nb2 18. Qb3 Nxa4 19. Qxa4 f6 20. exf6 Qxf6 21. Ne5 Bc7 22. Qb4 b6 23. Nd7 Qe6 24. Nxf8 Rxf8 25. Rae1 Bd3 26. Bf4 Qf7 27. Bxc7 Bxf1 28. Bg3 Bc4 29. Re7 c5 30. Rxf7 cxb4 31. Rxf8+ Kxf8 32. cxb4 Bxa2 33. Kf1 Ke7 34. Be5 g6 35. g3 a5 36. bxa5 bxa5 37. Bc7 a4 38. Bb6 Bc4+ 39. Ke1 Kd7 40. Bc5 Kc6 41. Kd2 Bf1 42. h4 Kb5 43. Kc3 Be2 44. Ba3 Bf3 45. Bc5 Be4 46. Ba3 Kc6 47. Kd2 h5 48. Bc5 Kd7 49. Ke3 Kc6 50. Kd2 Kb5 51. Kc3 Bf5 1/2-1/2

[Event "SF Deizisau 2 - TG Biberach"]
[Site "?"]
[Date "2024.02.18"]
[Round "6.2"]
[White "Dabo-Peranic, Robert"]
[Black "Wunder, Niklas"]
[Result "1-0"]
[WhiteElo "2346"]
[BlackElo "2070"]
[PlyCount "117"]
[EventDate "2024.??.??"]

1. g3 d5 2. Bg2 g6 3. c4 dxc4 4. Qa4+ Nd7 5. Qxc4 Bg7 6. Nf3 e5 7. b4 Ne7 8. Bb2 O-O 9. Qc2 c6 10. d4 Nd5 11. a3 Qe7 12. e4 exd4 13. Nxd4 f5 14. O-O fxe4 15. Bxe4 N7f6 16. Bg2 Bd7 17. Nd2 Rae8 18. N2b3 Bc8 19. Nc5 Rf7 20. Qd2 Qd6 21. Rae1 Rfe7 22. Rxe7 Qxe7 23. Rc1 Ng4 24. Nf3 Bxb2 25. Qxb2 Qe2 26. Qd4 Ne5 27. Nxe5 Qxe5 28. Qxe5 Rxe5 29. Nd3 Re8 30. Bxd5+ cxd5 31. f4 Bf5 32. Ne5 Rc8 33. Rxc8+ Bxc8 34. Kf2 Kf8 35. Ke3 Ke7 36. Kd4 Kd6 37. Nf7+ Kc6 38. a4 Bf5 39. Ne5+ Kd6 40. a5 b6 41. g4 Be6 42. h3 bxa5 43. bxa5 h5 44. gxh5 gxh5 45. h4 Bg4 46. Nd3 Ke6 47. Nb4 Bf3 48. Nc6 Kf5 49. Ke3 Bg2 50. Nxa7 d4+ 51. Kxd4 Kxf4 52. Kc5 Kg3 53. a6 Ba8 54. Nb5 Kxh4 55. Nc7 Bf3 56. Nd5 Kg3 57. a7 h4 58. a8=Q h3 59. Qb8+ 1-0

[Event "SF Deizisau 2 - TG Biberach"]
[Site "?"]
[Date "2024.02.18"]
[Round "6.3"]
[White "Weiss, Oliver"]
[Black "Ruf, Matthias"]
[Result "0-1"]
[WhiteElo "2228"]
[BlackElo "2306"]
[PlyCount "92"]
[EventDate "2024.??.??"]

1. d4 Nf6 2. Bf4 b6 3. e3 Bb7 4. Nf3 g6 5. h3 Bg7 6. Be2 d6 7. O-O O-O 8. a4 a6 9. Bh2 Nbd7 10. Nbd2 Re8 11. Nc4 Qb8 12. c3 Qa7 13. b4 Rad8 14. Nfd2 e5 15. Bf3 e4 16. Be2 Nd5 17. Qb3 N7f6 18. Na3 Ne7 19. Rab1 Ba8 20. Qc4 Bb7 21. Qb3 Ba8 22. a5 b5 23. c4 c6 24. Qc2 Nc8 25. d5 bxc4 26. Qxc4 Nxd5 27. Qxa6 Bc3 28. Qxa7 Nxa7 29. Ndc4 Bxb4 30. Rxb4 Nxb4 31. Nxd6 Re6 32. Rb1 c5 33. Ndc4 Nd5 34. Bf1 Nc6 35. Nb5 Ncb4 36. Rd1 Rc8 37. Ncd6 Rc6 38. Rc1 Nd3 39. Rc4 f5 40. Ra4 Ra6 41. Ra3 Bc6 42. g4 Bxb5 43. Nxb5 c4 44. Nc7 Nxc7 45. Bxc7 Rec6 46. Bd8 c3 0-1

[Event "SF Deizisau 2 - TG Biberach"]
[Site "?"]
[Date "2024.02.18"]
[Round "6.4"]
[White "Koellner, Aaron Noah"]
[Black "Birkenmaier, Rainer"]
[Result "1/2-1/2"]
[WhiteElo "2158"]
[BlackElo "2106"]
[PlyCount "98"]
[EventDate "2024.??.??"]

1. d4 Nf6 2. Bg5 d5 3. e3 c6 4. Nd2 Bf5 5. Ngf3 Nbd7 6. Ne5 e6 7. g4 Bg6 8. h4 Nxe5 9. dxe5 h6 10. Bf4 Nd7 11. h5 Bh7 12. Bd3 Bxd3 13. cxd3 Bb4 14. d4 Qa5 15. a3 Bxd2+ 16. Qxd2 Qxd2+ 17. Kxd2 c5 18. Rag1 f6 19. exf6 gxf6 20. Bd6 Rc8 21. f4 cxd4 22. exd4 Rg8 23. g5 fxg5 24. fxg5 hxg5 25. Rf1 Rc6 26. Bg3 Rh8 27. h6 Rh7 28. Rh5 e5 29. Rxg5 Rcxh6 30. Bxe5 Rf7 31. Rg8+ Ke7 32. Bf4 Rb6 33. Bg5+ Nf6 34. Kc3 Kd7 35. Rxf6 Rbxf6 36. Bxf6 Rxf6 37. Kb4 Rb6+ 38. Kc5 Rxb2 39. Kxd5 Rb5+ 40. Kc4 a6 41. Rg7+ Kd6 42. a4 Ra5 43. Rxb7 Rxa4+ 44. Kd3 Ra1 45. Rh7 Kd5 46. Rh5+ Kd6 47. Ke4 Re1+ 48. Kd3 Ra1 49. Ke4 Re1+ 1/2-1/2

[Event "SF Deizisau 2 - TG Biberach"]
[Site "?"]
[Date "2024.02.18"]
[Round "6.5"]
[White "Sokratov, Stanislav"]
[Black "Gustain, Marc"]
[Result "0-1"]
[WhiteElo "2184"]
[BlackElo "2160"]
[PlyCount "86"]
[EventDate "2024.??.??"]

1. d4 d5 2. Nf3 Nc6 3. Bf4 Bg4 4. e3 e6 5. c3 Bd6 6. h3 Bh5 7. Nbd2 Nf6 8. Qc2 O-O 9. Bd3 Bg6 10. Bxg6 hxg6 11. Ne5 Ne7 12. g4 c5 13. Bg3 Nc6 14. f4 Qc7 15. Qd3 b5 16. O-O cxd4 17. cxd4 Qb7 18. Nxc6 Qxc6 19. Rfc1 Qb7 20. Rc2 Rfc8 21. Rac1 a6 22. Kg2 Bb4 23. Nf3 Ne4 24. Be1 Bxe1 25. Nxe1 Nd6 26. Kf3 Rxc2 27. Rxc2 Rc8 28. Qd1 Ne4 29. g5 Rc4 30. b3 Rc3 31. Rxc3 Nxc3 32. Qc2 b4 33. Nd3 Qb5 34. a4 Qb6 35. Nc5 a5 36. h4 Qc7 37. Qd3 Qc8 38. Qa6 Qxa6 39. Nxa6 Nxa4 40. Nc5 Nxc5 41. dxc5 Kf8 42. e4 a4 43. exd5 a3 0-1

[Event "SF Deizisau 2 - TG Biberach"]
[Site "?"]
[Date "2024.02.18"]
[Round "6.6"]
[White "Valkova, Angelika"]
[Black "Schulze, Andreas"]
[Result "0-1"]
[WhiteElo "2030"]
[BlackElo "2079"]
[PlyCount "54"]
[EventDate "2024.??.??"]

1. d4 Nf6 2. c4 g6 3. Nc3 d5 4. Bf4 Bg7 5. Nf3 O-O 6. Rc1 c5 7. dxc5 Qa5 8. cxd5 Ne4 9. Be5 Bxe5 10. Nxe5 Nxc3 11. Rxc3 Qxa2 12. Nc4 b5 13. cxb6 axb6 14. e4 Nd7 15. Qc1 b5 16. Na3 Ba6 17. Bd3 b4 18. Bb1 Qa1 19. Rh3 bxa3 20. Rxa3 Rac8 21. Rc3 Rxc3 22. bxc3 Nc5 23. Kd1 Rb8 24. Bc2 Qxc3 25. Re1 Bd3 26. Re3 Bxc2+ 27. Qxc2 Qa1+ 0-1

[Event "SF Deizisau 2 - TG Biberach"]
[Site "?"]
[Date "2024.02.18"]
[Round "6.7"]
[White "Engelhart, Achim"]
[Black "Rempeli, Alex"]
[Result "1-0"]
[WhiteElo "2077"]
[BlackElo "2105"]
[PlyCount "117"]
[EventDate "2024.??.??"]

1. e4 e6 2. d4 d5 3. Nd2 c5 4. exd5 exd5 5. Ngf3 Nc6 6. Bb5 Qe7+ 7. Be2 Qc7 8. O-O Nf6 9. Re1 Be6 10. Bb5 Bd6 11. Nb3 cxd4 12. Nbxd4 Ne4 13. c4 O-O-O 14. Nxe6 fxe6 15. cxd5 exd5 16. Be3 Bc5 17. Bxc5 Nxc5 18. Rc1 Ne4 19. Nd4 Rd6 20. Bxc6 Rxc6 21. Nxc6 bxc6 22. Qa4 Kd7 23. Red1 Nf6 24. Re1 Rf8 25. Qd4 Qb6 26. Qe5 Re8 27. Qf5+ Kd8 28. Rxe8+ Nxe8 29. Qe5 Qc7 30. Qe6 Nd6 31. Qg8+ Ne8 32. Qxh7 Qe5 33. Qc2 Nf6 34. h3 Ne4 35. Qxc6 Qd4 36. Qc8+ Ke7 37. Qc2 Kf7 38. Rd1 Qe5 39. Qe2 Qf5 40. Rd3 Nf6 41. a3 Qf4 42. Qe3 Qb8 43. Qd4 Qc7 44. Rc3 Qe7 45. Re3 Qc7 46. Rf3 Kg8 47. g3 Kh7 48. Kg2 Kg8 49. b4 Qd7 50. Re3 Kh7 51. Rb3 a6 52. Qd3+ Kh8 53. Qxa6 d4 54. Qd3 Qd5+ 55. Qf3 Qc4 56. Rd3 Nd7 57. Qh5+ Kg8 58. Qe8+ Nf8 59. Rf3 1-0

[Event "SF Deizisau 2 - TG Biberach"]
[Site "?"]
[Date "2024.02.18"]
[Round "6.8"]
[White "Brenner, Markus"]
[Black "Wunder, Fabian"]
[Result "1/2-1/2"]
[WhiteElo "2109"]
[BlackElo "2043"]
[PlyCount "23"]
[EventDate "2024.??.??"]

1. e4 c5 2. d4 cxd4 3. c3 dxc3 4. Nxc3 Nc6 5. Nf3 e6 6. Bc4 Bb4 7. O-O Nge7 8. Qc2 O-O 9. Rd1 Qa5 10. a3 Bxc3 11. bxc3 Qh5 12. Rb1 1/2-1/2

[Event "SK Bebenhausen - SF Pfullingen"]
[Site "?"]
[Date "2024.02.18"]
[Round "6.1"]
[White "Braeuner, Uwe"]
[Black "Braun, Georg"]
[Result "0-1"]
[WhiteElo "2114"]
[BlackElo "2396"]
[PlyCount "84"]
[EventDate "2024.??.??"]

1. a3 d5 2. Nf3 Nf6 3. d3 g6 4. g3 Bg7 5. Bg2 O-O 6. c3 b6 7. O-O Bb7 8. Re1 Nbd7 9. d4 c5 10. Bf4 Nh5 11. Bg5 h6 12. Be3 Nhf6 13. h3 Kh7 14. Nbd2 Rc8 15. Qa4 Bc6 16. Qb3 e6 17. Rad1 Qe7 18. Ne5 Nxe5 19. dxe5 Nd7 20. f4 f6 21. exf6 Qxf6 22. Kh2 Qf5 23. Bg1 Nf6 24. e3 e5 25. g4 Qe6 26. e4 Qe8 27. exd5 Ba4 28. Qc4 Bxd1 29. fxe5 Bc2 30. exf6 Qxe1 31. Nf3 Qd1 32. g5 Rce8 33. Bf2 h5 34. Bg3 Qe2 35. Qf4 Rf7 36. d6 Bf8 37. Ng1 Qe6 38. c4 Be4 39. Nf3 Rd7 40. Ne5 Qxe5 41. f7 Re6 42. Qe3 Qxb2 0-1

[Event "SK Bebenhausen - SF Pfullingen"]
[Site "?"]
[Date "2024.02.18"]
[Round "6.2"]
[White "Waffenschmidt, Lars"]
[Black "Altenhof, Martin"]
[Result "1-0"]
[WhiteElo "2274"]
[BlackElo "2161"]
[PlyCount "99"]
[EventDate "2024.??.??"]

1. e4 d6 2. d4 Nf6 3. Nc3 g6 4. Be3 c6 5. Bd3 e5 6. Nf3 Nbd7 7. h3 Bg7 8. O-O O-O 9. Qd2 Re8 10. dxe5 Nxe5 11. Nxe5 dxe5 12. a4 Be6 13. a5 Nd7 14. Qe2 Bf8 15. Bc4 Bc5 16. Bxe6 Rxe6 17. Bxc5 Nxc5 18. Rfd1 Rd6 19. Rxd6 Qxd6 20. Rd1 Qc7 21. Qc4 Ne6 22. b4 a6 23. Rd3 Rd8 24. Ne2 Kg7 25. c3 Rd7 26. g3 Qd8 27. Rxd7 Qxd7 28. Kg2 Qd2 29. Ng1 Qd6 30. Nf3 f6 31. Qe2 Nc7 32. Qe3 Ne6 33. Qb6 Qc7 34. Qa7 c5 35. Nd2 cxb4 36. cxb4 Nd4 37. h4 Qc3 38. Qxb7+ Kh6 39. Qxa6 Qxd2 40. Qxf6 Qd3 41. Qg5+ Kg7 42. Qxe5+ Kf8 43. Qf4+ Ke7 44. e5 Nc2 45. Qf6+ Kd7 46. e6+ Kc7 47. Qe5+ Kd8 48. b5 Ke8 49. b6 Nd4 50. Qd5 1-0

[Event "SK Bebenhausen - SF Pfullingen"]
[Site "?"]
[Date "2024.02.18"]
[Round "6.3"]
[White "Klaric, Zoran"]
[Black "Hartmann, Martin"]
[Result "1/2-1/2"]
[WhiteElo "1995"]
[BlackElo "2167"]
[PlyCount "174"]
[EventDate "2024.??.??"]

1. Nf3 c5 2. g3 b5 3. Bg2 Bb7 4. O-O e6 5. d3 Nf6 6. e4 d6 7. Nbd2 Be7 8. Re1 Nbd7 9. b3 O-O 10. Bb2 a6 11. Qe2 Qc7 12. c4 Rac8 13. cxb5 axb5 14. d4 c4 15. bxc4 bxc4 16. Rec1 Ba6 17. Bc3 d5 18. e5 Ne8 19. a4 Rb8 20. Rcb1 Rxb1+ 21. Rxb1 Qc6 22. Qd1 Nb6 23. Ra1 Nc7 24. Qc2 Ra8 25. Bf1 Bb7 26. a5 Nc8 27. Be2 Nb5 28. Nb1 Nxc3 29. Qxc3 Na7 30. h4 Nb5 31. Qb2 Ba6 32. Nc3 Nxc3 33. Qxc3 Rb8 34. Bd1 Qb5 35. Ne1 Bb4 36. Qe3 Bxe1 37. Qxe1 Qb2 38. Ba4 Rb4 39. Bc2 Rb7 40. Qd1 Qc3 41. Rb1 Qxa5 42. Rxb7 Bxb7 43. Qb1 Qc7 44. Bxh7+ Kh8 45. Bc2 f5 46. exf6 gxf6 47. Qd1 Qf7 48. Qf3 f5 49. Qf4 Bc8 50. g4 Qg7 51. g5 Bd7 52. h5 Be8 53. g6 Qf6 54. Kf1 Kg7 55. Qc7+ Kf8 56. Qc5+ Kg7 57. Qc8 Qe7 58. Qb8 Kh6 59. Ba4 Bxg6 60. hxg6 Kxg6 61. Qg8+ Kh6 62. f4 Qf6 63. Be8 c3 64. Qg2 c2 65. Qxc2 Qxd4 66. Qh2+ Kg7 67. Qg3+ Kf8 68. Bh5 Qa1+ 69. Kg2 Ke7 70. Qb3 Kf6 71. Qb8 Qa2+ 72. Kg3 Qa3+ 73. Kh4 Qc5 74. Qh8+ Ke7 75. Qe8+ Kd6 76. Qd8+ Kc6 77. Qb8 Qe7+ 78. Kg3 Qg7+ 79. Kh2 Qh6 80. Qe8+ Kc5 81. Kg3 Qg7+ 82. Bg6 Qc3+ 83. Kh4 Qf3 84. Qe7+ Kd4 85. Kg5 Qg4+ 86. Kf6 Qxf4 87. Qxe6 Qh4+ 1/2-1/2

[Event "SK Bebenhausen - SF Pfullingen"]
[Site "?"]
[Date "2024.02.18"]
[Round "6.4"]
[White "Latzke, Boris"]
[Black "Goldinger, Peter"]
[Result "1/2-1/2"]
[WhiteElo "2168"]
[BlackElo "2036"]
[PlyCount "95"]
[EventDate "2024.??.??"]

1. d4 Nf6 2. c4 e5 3. dxe5 Ng4 4. Bf4 Nc6 5. Nf3 Bb4+ 6. Nbd2 Qe7 7. e3 Ngxe5 8. Nxe5 Nxe5 9. Be2 a5 10. O-O Bxd2 11. Qxd2 d6 12. Qc3 O-O 13. a3 b6 14. b4 Bb7 15. Bg3 Nd7 16. Rfc1 Qf6 17. Qxf6 gxf6 18. f3 axb4 19. axb4 Rxa1 20. Rxa1 Ra8 21. Rxa8+ Bxa8 22. Kf1 Kf8 23. Ke1 Ke7 24. Kd2 c5 25. Kc3 f5 26. Bh4+ f6 27. Bd3 Ke6 28. g4 fxg4 29. fxg4 Ne5 30. Bf5+ Ke7 31. g5 Nf3 32. gxf6+ Kf7 33. Bg3 Kxf6 34. Bxh7 Ne5 35. b5 d5 36. Bd3 dxc4 37. Bxc4 Bf3 38. Bh4+ Kf5 39. Bf1 Ng4 40. Bd8 Nxe3 41. Bd3+ Kg4 42. Kd2 Nd5 43. h4 Kf4 44. Bc4 Ke4 45. Bxd5+ Kxd5 46. Ke3 Bh5 47. Bxb6 Kc4 48. Kf4 1/2-1/2

[Event "SK Bebenhausen - SF Pfullingen"]
[Site "?"]
[Date "2024.02.18"]
[Round "6.5"]
[White "Guess, Cornel-Andreas"]
[Black "Khadempour, Farhad"]
[Result "0-1"]
[WhiteElo "1904"]
[BlackElo "2139"]
[PlyCount "158"]
[EventDate "2024.??.??"]

1. d4 Nf6 2. c4 e6 3. Nc3 Bb4 4. a3 Bxc3+ 5. bxc3 c5 6. f3 d5 7. cxd5 Nxd5 8. dxc5 Qa5 9. e4 Ne7 10. Be3 O-O 11. Qb3 Nec6 12. Rd1 Nd7 13. Bb5 Qc7 14. Ne2 e5 15. O-O Ndb8 16. Qb2 Be6 17. Nd4 exd4 18. cxd4 a6 19. Be2 Nd8 20. Rd2 f6 21. f4 Nd7 22. f5 Bf7 23. Bf4 Qa5 24. Bd6 Re8 25. Bf3 Rc8 26. Re2 Qa4 27. Rd2 Qa5 28. Rfd1 b6 29. e5 bxc5 30. e6 Nxe6 31. fxe6 Bxe6 32. Bb7 Rcd8 33. dxc5 Nxc5 34. Bc6 Nb3 35. Bxe8 Nxd2 36. Qxd2 Qxd2 37. Rxd2 Rxe8 38. Bc7 Kf7 39. a4 Rc8 40. Bb6 Rc6 41. a5 g5 42. g3 Bh3 43. Kf2 h5 44. Ke3 Kg6 45. Rf2 Re6+ 46. Kd2 Re5 47. Kc3 Re4 48. Bd8 Bf5 49. Rd2 Re6 50. Kd4 Bh3 51. Kc5 Bf1 52. Rd6 Re5+ 53. Kd4 Rf5 54. Ke3 Bb5 55. Rd2 Rf1 56. Rf2 Re1+ 57. Kd2 Re6 58. Kc3 Rc6+ 59. Kb3 Bd3 60. Rd2 Bb5 61. Rf2 Bd3 62. Rd2 Be4 63. Be7 Kf5 64. Rf2+ Ke5 65. Bd8 h4 66. Kb2 h3 67. Bb6 g4 68. Bd8 Bf3 69. Rd2 Ke4 70. Bb6 f5 71. Kb1 Rc4 72. Rc2 Rb4+ 73. Rb2 Ra4 74. Ra2 Rxa2 75. Kxa2 Be2 76. Kb2 Kf3 77. Kc1 Kg2 78. Kd2 Kxh2 79. Kxe2 Kg2 0-1

[Event "SK Bebenhausen - SF Pfullingen"]
[Site "?"]
[Date "2024.02.18"]
[Round "6.6"]
[White "Roth, Juergen Eugen"]
[Black "Einwiller, Bernd"]
[Result "1/2-1/2"]
[WhiteElo "2125"]
[BlackElo "2079"]
[PlyCount "154"]
[EventDate "2024.??.??"]

1. Nf3 Nf6 2. b3 g6 3. Bb2 Bg7 4. e3 O-O 5. Be2 d6 6. d4 Nbd7 7. c4 Re8 8. Nc3 e5 9. Qc2 c6 10. O-O a6 11. dxe5 dxe5 12. a4 e4 13. Nd2 Qe7 14. Rfd1 a5 15. Ba3 Qe5 16. c5 Nf8 17. Nc4 Qg5 18. Nd6 Bh3 19. Bf1 Re7 20. Rac1 Bf5 21. Nxf5 gxf5 22. g3 Ng6 23. Ne2 Nd5 24. Kh1 h5 25. Nf4 Ngxf4 26. gxf4 Qh4 27. Bc4 Nf6 28. Rg1 Ng4 29. Rg2 Rd8 30. Rf1 Red7 31. Bc1 Kf8 32. Be2 Rd3 33. Bxd3 exd3 34. Qd2 Nf6 35. Bb2 Qh3 36. f3 Ke7 37. Be5 Ne8 38. Rff2 Bf6 39. Bxf6+ Nxf6 40. Rg3 Qh4 41. Qc3 Rd5 42. Rd2 Ne4 43. fxe4 fxe4 44. Qc4 f5 45. Qc3 Qf6 46. Qxf6+ Kxf6 47. Rg1 Rxc5 48. Kg2 b5 49. axb5 Rxb5 50. Rc1 c5 51. Rc3 Ke6 52. Kh3 a4 53. bxa4 Ra5 54. Kh4 Kd5 55. Kg5 Rxa4 56. Kxf5 Ra1 57. Rxc5+ Kxc5 58. Kxe4 Kd6 59. Rxd3+ Ke6 60. Kf3 Rg1 61. Rd2 h4 62. Rg2 Rf1+ 63. Ke4 Rh1 64. Ra2 Kf6 65. Kf3 Rg1 66. Ra6+ Kg7 67. e4 Kh7 68. Ra2 h3 69. e5 Kg6 70. Re2 Kf7 71. Rf2 Ke6 72. Rd2 Kf5 73. Rd6 Rf1+ 74. Kg3 Rg1+ 75. Kf2 Rh1 76. Kg3 Rg1+ 77. Kf2 Rh1 1/2-1/2

[Event "SK Bebenhausen - SF Pfullingen"]
[Site "?"]
[Date "2024.02.18"]
[Round "6.7"]
[White "Einwiller, Dieter"]
[Black "Braeuning, Rudolf Wilhelm"]
[Result "0-1"]
[WhiteElo "1978"]
[BlackElo "2183"]
[PlyCount "68"]
[EventDate "2024.??.??"]

1. d4 Nf6 2. Nf3 d5 3. c3 Bf5 4. Qb3 Qc8 5. Bf4 e6 6. e3 Bd6 7. Bxd6 cxd6 8. c4 O-O 9. Nc3 dxc4 10. Bxc4 Nc6 11. Be2 Rb8 12. a4 a5 13. O-O Nb4 14. Rfc1 Qd7 15. Bb5 Qe7 16. Na2 Nfd5 17. Nxb4 Nxb4 18. Ne1 Rfc8 19. Nd3 Bxd3 20. Bxd3 Rc7 21. Rxc7 Qxc7 22. Kf1 Rc8 23. Ke2 g5 24. Kd2 d5 25. g3 Kg7 26. Qc3 Qd8 27. Qb3 Qf6 28. Rf1 Qh6 29. Rh1 Qh3 30. Qd1 Nxd3 31. Kxd3 Qf5+ 32. Kd2 Qxf2+ 33. Kd3 Qxb2 34. Qd2 Qb3+ 0-1

[Event "SK Bebenhausen - SF Pfullingen"]
[Site "?"]
[Date "2024.02.18"]
[Round "6.8"]
[White "Carstens, Andreas"]
[Black "Heel, Lorenzo"]
[Result "1/2-1/2"]
[WhiteElo "2129"]
[BlackElo "1817"]
[PlyCount "64"]
[EventDate "2024.??.??"]

1. e4 c5 2. Nf3 d6 3. d4 cxd4 4. Nxd4 Nf6 5. Nc3 a6 6. h3 e6 7. g4 Be7 8. Bg2 h6 9. Be3 Qc7 10. a4 Nc6 11. f4 O-O 12. O-O Rb8 13. Kh1 Re8 14. Nxc6 bxc6 15. g5 Nd7 16. gxh6 g6 17. b3 Bf8 18. Qd2 Bxh6 19. f5 Bxe3 20. Qxe3 exf5 21. Qh6 Ne5 22. exf5 Bxf5 23. Rxf5 gxf5 24. Rg1 Ng6 25. h4 Rb4 26. Nd5 cxd5 27. Bxd5 Rg4 28. Rxg4 fxg4 29. Qxg6+ Kf8 30. Qh6+ Kg8 31. Qg6+ Kf8 32. Qh6+ Kg8 1/2-1/2

[Event "SK SchwÃ¤bisch Hall - SC BÃ¶blingen"]
[Site "?"]
[Date "2024.02.18"]
[Round "6.1"]
[White "Gaehwiler, Gabriel"]
[Black "Sarenac, Ivan"]
[Result "1-0"]
[WhiteElo "2383"]
[BlackElo "2376"]
[PlyCount "73"]
[EventDate "2024.??.??"]

1. d4 d5 2. c4 e6 3. Nf3 Nf6 4. g3 Be7 5. Bg2 O-O 6. Nc3 dxc4 7. Ne5 Nc6 8. Bxc6 bxc6 9. Nxc6 Qe8 10. Nxe7+ Qxe7 11. Qa4 a5 12. Qxc4 Qb4 13. b3 Bb7 14. f3 Rfd8 15. Be3 Ng4 16. Bg1 Nf6 17. Rc1 Nd5 18. Qxb4 axb4 19. Nxd5 Bxd5 20. e4 Bb7 21. Rxc7 Rxa2 22. Rxb7 Rc8 23. Kd1 h6 24. d5 exd5 25. exd5 Rc3 26. Rxb4 Ra1+ 27. Kd2 Rxf3 28. Ke2 Rff1 29. Rd4 Rfc1 30. Kf2 Kf8 31. d6 Rd1 32. Rxd1 Rxd1 33. Ke2 Rc1 34. Kd2 Rc6 35. b4 Rxd6+ 36. Kc3 Ke8 37. Bc5 1-0

[Event "SK SchwÃ¤bisch Hall - SC BÃ¶blingen"]
[Site "?"]
[Date "2024.02.18"]
[Round "6.4"]
[White "Velikic, Adela"]
[Black "Mueller, Ralf"]
[Result "1-0"]
[WhiteElo "2266"]
[BlackElo "2338"]
[PlyCount "105"]
[EventDate "2024.??.??"]

1. d4 d5 2. c4 e6 3. Nc3 Nf6 4. cxd5 exd5 5. Bg5 Be7 6. e3 c6 7. Bd3 Nbd7 8. Qc2 h6 9. Bh4 Nh5 10. Bxe7 Qxe7 11. O-O-O Nb6 12. Kb1 Nf6 13. Nf3 Bg4 14. Rc1 Bxf3 15. gxf3 O-O-O 16. Na4 Nfd7 17. Nc5 Nxc5 18. Qxc5 Rhe8 19. Qxe7 Rxe7 20. h4 Kd7 21. Rcg1 f6 22. Bg6 Kd6 23. Bf5 c5 24. dxc5+ Kxc5 25. Rg4 Nc4 26. Rc1 Kd6 27. Rd4 Rc7 28. f4 Nb6 29. Rg1 Re8 30. b3 Ree7 31. Rd2 Rc5 32. Rg6 a5 33. Rd1 Rcc7 34. Rg3 Nd7 35. e4 Rc5 36. Rgd3 Nb6 37. f3 Rcc7 38. Rg1 Rc5 39. Kb2 Kc7 40. Rd2 dxe4 41. fxe4 Kb8 42. Rd8+ Ka7 43. h5 Rec7 44. Rg2 Re7 45. Rg8 Rcc7 46. Rd2 Ka6 47. Rd6 Ka7 48. Rd3 Ka6 49. Rgd8 Rc5 50. Rc3 Kb5 51. a4+ Kc6 52. Rg3 Rc7 53. Rg2 1-0

[Event "SK SchwÃ¤bisch Hall - SC BÃ¶blingen"]
[Site "?"]
[Date "2024.02.18"]
[Round "6.5"]
[White "Tran, Thanh Kien"]
[Black "Svana, Peter"]
[Result "1/2-1/2"]
[WhiteElo "2172"]
[BlackElo "2278"]
[PlyCount "37"]
[EventDate "2024.??.??"]

1. Nf3 Nf6 2. g3 g6 3. b3 Bg7 4. Bb2 d5 5. c4 c6 6. Bg2 O-O 7. O-O Na6 8. d3 Be6 9. Nbd2 Qa5 10. Qc1 dxc4 11. Nxc4 Qh5 12. Qg5 Qxg5 13. Nxg5 Bd5 14. Na5 Bxg2 15. Kxg2 Rfb8 16. Be5 Nd5 17. Bxb8 Bxa1 18. Rxa1 Rxb8 19. Rc1 1/2-1/2

[Event "SK SchwÃ¤bisch Hall - SC BÃ¶blingen"]
[Site "?"]
[Date "2024.02.18"]
[Round "6.7"]
[White "Born, Mario"]
[Black "Mudrak, Josef"]
[Result "0-1"]
[WhiteElo "2164"]
[BlackElo "2215"]
[PlyCount "124"]
[EventDate "2024.??.??"]

1. Nf3 Nf6 2. g3 d6 3. d4 g6 4. Bg2 Bg7 5. O-O O-O 6. c4 Nbd7 7. Nc3 e5 8. e4 c6 9. h3 Re8 10. Be3 a6 11. dxe5 dxe5 12. a4 a5 13. Qc2 Bf8 14. Rad1 Qc7 15. Nd2 Nc5 16. Kh2 Ne6 17. Ne2 Bc5 18. Bxc5 Nxc5 19. Nb3 Nxb3 20. Qxb3 Be6 21. Qc3 Nd7 22. Rd2 Nc5 23. b3 f6 24. Nc1 Bf7 25. Qe3 b6 26. h4 Qe7 27. Rfd1 Rab8 28. Bh3 Rb7 29. Rd6 Rc7 30. Ne2 Rb8 31. Ng1 Ne6 32. Bxe6 Bxe6 33. Qc3 Bd5 34. R6xd5 cxd5 35. Rxd5 Rd8 36. Qe3 Rxd5 37. exd5 Qc5 38. Ne2 Re7 39. Nc3 f5 40. Kg2 Kg7 41. Nb5 Qxe3 42. fxe3 Kf6 43. Kf3 e4+ 44. Kg2 h6 45. Nd4 g5 46. Kh3 Re8 47. Ne2 Ke5 48. hxg5 hxg5 49. Kg2 Rc8 50. Nd4 Rg8 51. Kf2 Rg6 52. Nc6+ Kd6 53. Nd4 Rf6 54. Ne6 Rxe6 55. dxe6 Kxe6 56. Ke2 Ke5 57. Kd2 f4 58. gxf4+ gxf4 59. exf4+ Kxf4 60. b4 e3+ 61. Ke2 axb4 62. c5 b3 0-1

[Event "SK SchwÃ¤bisch Hall - SC BÃ¶blingen"]
[Site "?"]
[Date "2024.02.18"]
[Round "6.8"]
[White "Kapusta, Petr"]
[Black "Martaler, Jewgeni"]
[Result "0-1"]
[WhiteElo "2057"]
[BlackElo "2192"]
[PlyCount "108"]
[EventDate "2024.??.??"]

1. e4 d6 2. d4 g6 3. Nc3 Bg7 4. h4 Nf6 5. Be2 Nbd7 6. f4 c5 7. e5 Nh5 8. Bxh5 gxh5 9. Qxh5 O-O 10. Be3 cxd4 11. Bxd4 dxe5 12. Bxe5 Nxe5 13. fxe5 Qd4 14. Nf3 Qe3+ 15. Ne2 Be6 16. Qg5 Qe4 17. Qf4 Qxc2 18. Nfd4 Qc5 19. Nf3 f6 20. h5 fxe5 21. Qg3 h6 22. a3 Rad8 23. Rc1 Qb6 24. b4 Rd3 25. Qg6 Rxa3 26. Rh4 Bd5 27. Qxb6 axb6 28. Nc3 Rxc3 29. Rxc3 e4 30. Rc7 exf3 31. gxf3 Bxf3 32. Rh3 Rf7 33. Rg3 Kh7 34. Rg6 Bd5 35. Rxb6 Be5 36. Rc8 Bd6 37. Ke2 Kg7 38. Rb5 Bc6 39. Rb6 Rf5 40. Rbxc6 bxc6 41. Rxc6 Rb5 42. Rc3 Rxh5 43. Rc4 Rb5 44. Rg4+ Kf6 45. Rg8 Rxb4 46. Rf8+ Kg7 47. Rf5 Kg6 48. Rf8 h5 49. Rg8+ Kh7 50. Rg1 h4 51. Kf3 h3 52. Re1 Rf4+ 53. Ke3 h2 54. Rh1 Rg4 0-1

[Event "SV Jedesheim - Heilbronner SV 2"]
[Site "?"]
[Date "2024.02.18"]
[Round "6.1"]
[White "Ramirez Marin, Ivan"]
[Black "Krassowizkij, Jaroslaw"]
[Result "0-1"]
[WhiteElo "2278"]
[BlackElo "2427"]
[PlyCount "94"]
[EventDate "2024.??.??"]

1. c4 c5 2. g3 g6 3. Bg2 Bg7 4. Nc3 Nc6 5. Nf3 d6 6. O-O Bf5 7. h3 Qc8 8. Kh2 Nf6 9. d3 O-O 10. e4 Bd7 11. Be3 Ne8 12. Rc1 Nd4 13. Nd5 Qd8 14. Bg5 Nc6 15. Qd2 Nc7 16. Ng1 Ne6 17. Be3 Ned4 18. f4 b5 19. cxb5 Nxb5 20. f5 Nc7 21. Nxc7 Qxc7 22. Ne2 Rac8 23. Nc3 Qd8 24. Nd5 e6 25. Bg5 f6 26. fxe6 Bxe6 27. Bf4 Qd7 28. Nc3 Ne5 29. b3 f5 30. Nd5 Bxd5 31. exd5 Qb5 32. Rfd1 Rce8 33. Kh1 Nf7 34. Re1 Rxe1+ 35. Rxe1 Be5 36. Bf1 Qb6 37. Bg2 a5 38. Qc2 g5 39. Bxe5 Nxe5 40. Qe2 Qd8 41. Qd1 f4 42. gxf4 Rxf4 43. Re4 Qf6 44. Qh5 Rf2 45. Re1 Kg7 46. a3 Nxd3 47. Re6 Qa1+ 0-1

[Event "SV Jedesheim - Heilbronner SV 2"]
[Site "?"]
[Date "2024.02.18"]
[Round "6.2"]
[White "Pikula, Dejan"]
[Black "Mages, Steffen"]
[Result "1/2-1/2"]
[WhiteElo "2317"]
[BlackElo "2120"]
[PlyCount "76"]
[EventDate "2024.??.??"]

1. e4 c5 2. Nf3 d6 3. d4 cxd4 4. Nxd4 Nf6 5. Nc3 a6 6. Be3 e6 7. g4 b5 8. g5 Nfd7 9. a3 Bb7 10. h4 Nc6 11. Nxc6 Bxc6 12. Qd4 Qc7 13. h5 Rb8 14. Rh3 Qb7 15. g6 hxg6 16. hxg6 Ne5 17. gxf7+ Qxf7 18. O-O-O Rxh3 19. Bxh3 a5 20. f4 Nc4 21. Bf1 Nxe3 22. Qxe3 b4 23. axb4 axb4 24. Nb1 e5 25. fxe5 dxe5 26. Nd2 Qf4 27. Qh3 Bd7 28. Qh5+ Kd8 29. Bh3 Ra8 30. Kb1 Bxh3 31. Nc4+ Bd7 32. Nxe5 Ra7 33. Nc6+ Kc7 34. Nxa7 Bg4 35. Qa5+ Kb7 36. Rd5 Qf1+ 37. Ka2 Qc4+ 38. Kb1 Qf1+ 1/2-1/2

[Event "SV Jedesheim - Heilbronner SV 2"]
[Site "?"]
[Date "2024.02.18"]
[Round "6.3"]
[White "Peng, Xiang-Tobias"]
[Black "Atlas, Valery"]
[Result "1-0"]
[WhiteElo "2156"]
[BlackElo "2425"]
[PlyCount "75"]
[EventDate "2024.??.??"]

1. e4 c5 2. Nf3 e6 3. d4 cxd4 4. Nxd4 Nc6 5. Nc3 d6 6. Be3 Nf6 7. Be2 Be7 8. g4 d5 9. exd5 Nxd5 10. Nxd5 exd5 11. Qd2 Ne5 12. O-O-O Nxg4 13. Bxg4 Bxg4 14. Rdg1 Qd7 15. h3 Bh5 16. Rxg7 O-O-O 17. Bf4 b6 18. Bg5 Kb7 19. Re1 Rhe8 20. Bxe7 Rxe7 21. Rxh7 Bg6 22. Rh4 Re4 23. Rhxe4 dxe4 24. Nb3 Qc7 25. Qe3 a5 26. Rd1 Rxd1+ 27. Kxd1 Qc4 28. Qd4 Qf1+ 29. Kd2 Qxh3 30. Qd5+ Kc7 31. Nd4 Qh6+ 32. Kc3 Qh3+ 33. Kc4 Qf1+ 34. Kb3 Qxf2 35. Nb5+ Kb8 36. Qd8+ Kb7 37. Qc7+ Ka6 38. Qc8+ 1-0